TOMAL: test de memoria y aprendizaje
Guardado en:
| Autores principales: | , |
|---|---|
| Formato: | Libro |
| Lenguaje: | español |
| Publicado: |
Madrid
TEA Ediciones
2012
|
| Edición: | 2a. ed |
| Materias: | |
| Etiquetas: |
Agregar Etiqueta
Sin Etiquetas, Sea el primero en etiquetar este registro!
|
MARC
| LEADER | 00000cam a2200000 a 4500 | ||
|---|---|---|---|
| 001 | UCC4009 | ||
| 003 | CL-VaPUC | ||
| 008 | 180629e20120000sp |||||||||||||||||spa|d | ||
| 020 | |a 9788471746670o.c | ||
| 020 | |a 9788415262404v.1 | ||
| 020 | |a 9788471746654v.2 | ||
| 082 | 0 | 4 | |a 153.12 |b REY |2 21 |
| 100 | 0 | |a Reynolds, Cecil R |e author |9 598131 | |
| 700 | 0 | |a Bigler, Erin D |e author |9 598132 | |
| 245 | 1 | 0 | |a TOMAL: test de memoria y aprendizaje |
| 250 | |a 2a. ed | ||
| 300 | |a v | ||
| 942 | |c BK | ||
| 945 | |d 20180629 12:42:00 |a dcastane | ||
| 260 | |a Madrid |b TEA Ediciones |c 2012 | ||
| 500 | |a v.1: manual de aplicación | ||
| 500 | |a v.2: cuaderno de elementos | ||
| 500 | |a Incluye 5 cuadernillos de anotación. 5 cuadernillos de análisis complementario. 1 lámina para recuerdo selectivo visual. 24 tarjetas de recuerdo demorado. 1 bolsa pequeña con 15 fichas anaranjadas | ||
| 650 | 0 | |a Memoria |9 266549 | |
| 650 | 0 | |a Cognición |9 270347 | |
| 650 | 0 | |a Pensamiento |9 307612 | |
| 650 | 0 | |a Inteligencia |9 267038 | |
| 650 | 0 | |a Mnemotecnia |9 310301 | |
| 583 | |a last modification |c 20180629 12:42:00 |k Rodrigo Vera | ||
| 999 | |c 371626 |d 371624 | ||
| 952 | |0 0 |1 0 |3 erb |4 0 |6 153_120000000000000_REY_2012 |7 0 |8 R |9 488685 |a BIBEDU |b BIBEDU |h v.1 |i 5477719 |l 23 |o 153.12 REY 2012 |p 5477719 |r 2025-04-16 |s 2025-04-15 |w 2019-11-24 |y BK_R |z Catalogado en:20180629 |k EDI | ||